Fallout Trivia quiz - Statistics

General Stats
  • This quiz has been taken 68 times
  • The average score is 7 of 17
Answer Stats
Hint Answer % Correct
Patrollig the Mojave makes you wish for a… Nuclear Winter
88%
What do the cars in Fallout games do when damaged Explode/Blow up
77%
What is the food in Ultra-Luxe casino made of Human/people
76%
What do they sell in Paradise Falls Slaves
59%
Wchich animal did Moira Brown think that they have their own society Mirelurk
53%
What year was Mr. House born in 2020
50%
What does Vault Boy measure the size/distance of with his thumb Mushroom Cloud
48%
How are the aliens in Fallout series called Zetans
48%
What is the perk that makes people do the same thing as the answer above called Bloody Mess
39%
What’s the name of one of few non-feral glowing one ghouls, working as magician in Nuka World Oswald
30%
What animal went completely extinct in the Fallout series Horse
29%
Who does Three Dog imitate on his radio show President/Eden
29%
Who rules Tunnel Snakes
24%
What was Herbert Daring Dashwood’s ghoul companion’s name Argyle
20%
What was the name of leader of Paradise Falls Eulogy Jones
14%
How is the plant that they make Moonshine from in post-war island in Point Lookout called Punga
12%
What animal did lakelurks evolve from Turtle
6%
No matching quizzes found
Score Distribution
Percent of People with Each Score
Percentile by Number Answered
Your Score History
You have not taken this quiz